| 000 | 00671nam a2200181Ia 4500 | ||
|---|---|---|---|
| 008 | 100920s9999 xx 000 0 und d | ||
| 082 |
_b66590 _a28 व 700 0 |
||
| 100 | _aवैशंपायन मंगेश. | ||
| 245 | _aृॅऍथलेटिक्स खेळाची ओळख. | ||
| 260 |
_bजयदीप प्रकाशन, पुणे. _c0 |
||
| 300 |
_a32 _bसाधी |
||
| 365 | _b15 | ||
| 520 | _aबा.वि.कला. | ||
| 630 | _aृॅऍथलेटिक्स खेळाची ओळख. | ||
| 650 | _aबा.वि.कला. | ||
| 730 | _aृॅऍथलेटिक्स खेळाची ओळख. | ||
| 942 | _cBOOK | ||
| 999 |
_c709178 _d709175 |
||